00607 2200229 4500001002100000005001500021035002000036007000300056008004100059020002200100082000800122084001400130100001800144245006400162250001100226260003800237300003000275520003000305600002000335990001100355990001100366INLIS00000000000326120190605110620 a0010-0619000010ta190605 g 0 ind  a978-602-6348-03-6 a584 a584 PUP c0 aPUPUT, Astuti1 aCara Hebat Bisnis dan Usaha Berkebun Kelapa /cPuput Astuti acet. 1 a[s.l] :bForest Publishing,c2016 a103 hlm, :bilus ;c21 cm aBibliografi: hlm. 102-103 4aTUMBUHAN.KELAPA a6630 a a6630 b